[Event "DEM U18w 2017"]
[Site "Willingen GER"]
[Date "2017.06.07"]
[Round "6"]
[White "Silber, Stefanie"]
[Black "Wallat, Jessica"]
[Result "1/2-1/2"]
[Termination "normal"]
[Board "9"]
[WhiteElo "1644"]
[BlackElo "1706"]
[PlyCount "119"]
[WhiteFideId "12918245"]
[BlackFideId "12909637"]
[EventCountry "GER"]
[EventRounds "9"]
[EventType "swiss"]
[EventDate "2017.06.03"]

1. e4 c5 2. Nf3 d6 3. Bb5+ Nd7 4. O-O Ngf6 5. Re1 a6 6. Bd3 g6 7. c3 Bg7 8. Bc2
O-O 9. d4 b5 10. e5 dxe5 11. dxe5 Ng4 12. Qd5 Rb8 13. e6 Ngf6 14. exf7+ Rxf7
15. Qd3 c4 16. Qe2 e5 17. Bg5 Bb7 18. Nbd2 Qc7 19. Bxf6 Bxf6 20. Ne4 Bxe4 21.
Bxe4 Rff8 22. Bd5+ Kg7 23. Rad1 Nc5 24. Be4 Rbd8 25. Qc2 Ne6 26. Re2 Nf4 27.
Red2 Rxd2 28. Rxd2 Rd8 29. g3 Nh3+ 30. Kg2 Ng5 31. Nxg5 Bxg5 32. Rxd8 Qxd8 33.
Bb7 a5 34. Bc6 Qd6 35. Qe4 Qc5 36. Bd5 Bf6 37. a4 bxa4 38. Qxc4 Qxc4 39. Bxc4
Be7 40. Kf3 a3 41. bxa3 Bxa3 42. Bb3 Bc5 43. Ke4 Bxf2 44. Kxe5 Bg1 45. h3 Bh2
46. Kf4 Kf6 47. Kf3 Bg1 48. Ke4 Kg5 49. c4 Bf2 50. Kf3 Bc5 51. Bc2 Bd4 52. h4+
Kh5 53. Kf4 Bf2 54. Bd1+ Kh6 55. Kf3 Bc5 56. g4 Bd6 57. Ke4 Bg3 58. h5 gxh5 59.
gxh5 a4 60. Bxa4 1/2-1/2

[Event "DEM U18w 2017"]
[Site "Willingen GER"]
[Date "2017.06.07"]
[Round "6"]
[White "Schulz, Theresa Charlotte"]
[Black "Fock, Amina"]
[Result "1/2-1/2"]
[Termination "normal"]
[Board "10"]
[WhiteElo "1595"]
[BlackElo "1592"]
[PlyCount "74"]
[WhiteFideId "12952206"]
[BlackFideId "12981982"]
[EventCountry "GER"]
[EventRounds "9"]
[EventType "swiss"]
[EventDate "2017.06.03"]

1. e4 d5 2. exd5 Qxd5 3. Nc3 Qd6 4. d4 Nf6 5. Nf3 a6 6. g3 Bg4 7. h3 Bh5 8. Bf4
Qb6 9. Bg2 Nc6 10. g4 Bg6 11. O-O O-O-O 12. Na4 Qa7 13. c4 Nxd4 14. Be3 Nxf3+
15. Qxf3 Qb8 16. Nc5 e5 17. Qxb7+ Qxb7 18. Bxb7+ Kb8 19. Bxa6 Bxc5 20. Bxc5 Rd2
21. b4 Rhd8 22. a4 Ne4 23. Be3 Rb2 24. b5 Nd2 25. Rfd1 Be4 26. c5 Nf3+ 27. Kg2
Rxd1 28. Rxd1 Nd4+ 29. Kf1 Rb4 30. Bxd4 exd4 31. Re1 d3 32. f3 Bxf3 33. Re8+
Ka7 34. Rc8 d2 35. Rxc7+ Kb8 36. Rc8+ Ka7 37. Rc7+ Kb8 1/2-1/2

[Event "DEM U18w 2017"]
[Site "Willingen GER"]
[Date "2017.06.07"]
[Round "6"]
[White "Shirov-Michna, Masza"]
[Black "Simon, Tessa"]
[Result "0-1"]
[Termination "normal"]
[Board "11"]
[WhiteElo "1343"]
[BlackElo "1882"]
[PlyCount "66"]
[WhiteFideId "12921998"]
[BlackFideId "12929395"]
[EventCountry "GER"]
[EventRounds "9"]
[EventType "swiss"]
[EventDate "2017.06.03"]

1. d4 d5 2. e3 Nf6 3. Bd3 c5 4. c3 Nc6 5. f4 Bg4 6. Nf3 e6 7. O-O Bd6 8. Qe1
O-O 9. Ne5 Bf5 10. Nd2 Qc7 11. Qg3 Bxd3 12. Nxd3 Nd7 13. Qh3 Rae8 14. Nf3 f6
15. Re1 h6 16. e4 dxe4 17. Rxe4 c4 18. Nc5 Nxc5 19. dxc5 Bxc5+ 20. Kh1 Qd6 21.
Bd2 f5 22. Re2 b5 23. a4 b4 24. cxb4 Bxb4 25. Qg3 Bxd2 26. Rxd2 Qe7 27. Rc1 Na5
28. Ne5 Nb3 29. Rd7 Qf6 30. Rxc4 Rc8 31. Qxb3 Qh4 32. g3 Qh3 33. Rxc8 Qf1# 0-1

[Event "DEM U18w 2017"]
[Site "Willingen GER"]
[Date "2017.06.07"]
[Round "6"]
[White "Schilay, Eva"]
[Black "Caliebe, Nanke"]
[Result "1-0"]
[Termination "normal"]
[Board "12"]
[WhiteElo "1665"]
[BlackElo "1447"]
[PlyCount "119"]
[WhiteFideId "12930164"]
[BlackFideId "12980528"]
[EventCountry "GER"]
[EventRounds "9"]
[EventType "swiss"]
[EventDate "2017.06.03"]

1. e4 c5 2. Nf3 a6 3. c4 Nc6 4. d4 cxd4 5. Nxd4 g6 6. Nc3 Bg7 7. Be3 e6 8. Be2
Nge7 9. O-O O-O 10. Qd2 Nxd4 11. Bxd4 h6 12. Bc5 f5 13. exf5 Rxf5 14. Be3 Kh7
15. Bg4 Rf8 16. Bc5 b6 17. Bf3 Rb8 18. Bd6 Bb7 19. Bxb8 Bxf3 20. Bd6 Bc6 21.
Rad1 Rf5 22. Qe3 Rg5 23. Ne4 Rg4 24. f3 Nf5 25. Qe2 Nxd6 26. Nxd6 Bd4+ 27. Kh1
Rh4 28. g3 Rh3 29. Rxd4 Qf6 30. Rf4 Qg5 31. Qg2 Rh5 32. Ne4 Qe5 33. Nf6+ Kg7
34. Nxh5+ Qxh5 35. b3 g5 36. Rd4 e5 37. g4 Qf7 38. Rdd1 h5 39. h3 hxg4 40. hxg4
Qf4 41. Rde1 Kf6 42. Qe2 b5 43. Kg2 Qxg4+ 44. Kf2 Qh4+ 45. Kg1 g4 46. Qxe5+ Kg6
47. Qe8+ Kg7 48. Qe7+ Qxe7 49. Rxe7+ Kf6 50. cxb5 Bxb5 51. Re4 Bxf1 52. Kxf1
Kf5 53. Rxg4 d5 54. Ke2 Ke5 55. Kd3 a5 56. Rg5+ Ke6 57. Kd4 a4 58. bxa4 Kd6 59.
Rg6+ Ke7 60. Kxd5 1-0

[Event "DEM U18w 2017"]
[Site "Willingen GER"]
[Date "2017.06.07"]
[Round "6"]
[White "Kümmel, Tina"]
[Black "Schiewe, Nadin"]
[Result "1-0"]
[Termination "normal"]
[Board "13"]
[WhiteElo "1433"]
[BlackElo "1325"]
[PlyCount "67"]
[WhiteFideId "12979368"]
[BlackFideId "16209079"]
[EventCountry "GER"]
[EventRounds "9"]
[EventType "swiss"]
[EventDate "2017.06.03"]

1. e4 e5 2. Nf3 Nc6 3. g3 g6 4. Bg2 Bg7 5. c3 d6 6. d4 exd4 7. Nxd4 Nge7 8. Be3
O-O 9. f4 f5 10. exf5 Bxf5 11. Qb3+ d5 12. Nxf5 Rxf5 13. O-O h6 14. Nd2 Rb8 15.
Rad1 Kh7 16. Bh3 Rf8 17. Ne4 a6 18. Nc5 Rh8 19. Rfe1 Na5 20. Qa4 c6 21. Ne6 b5
22. Qc2 Qe8 23. Nxg7 Kxg7 24. Bd4+ Kg8 25. Bxh8 Kxh8 26. Re6 Qf7 27. Rde1 Nf5
28. Bxf5 Qxf5 29. Qxf5 gxf5 30. Rxh6+ Kg7 31. Ree6 Rd8 32. Rd6 Re8 33. Rhe6 Rc8
34. b4 1-0